[Event "I Festival Hotel Promenade A"]
[Site "Montesilvano ITA"]
[Date "2015.01.06"]
[Round "6"]
[White "Sibilio, Mario"]
[Black "Juhasz, Armin"]
[WhiteElo "2280"]
[BlackElo "2292"]
[Result "0-1"]
[PlyCount "82"]
[EventDate "2015.01.03"]

1. e4 c6 2. d4 d5 3. e5 Bf5 4. c4 e6 5. Nc3 Ne7 6. Be3 Nd7 7. g4 Bg6 8. Nh3
dxc4 9. Bxc4 Nb6 10. Bb3 Ned5 11. Qf3 a5 12. O-O h5 13. g5 Nxc3 14. bxc3 a4 15.
Bd1 Bf5 16. Qg2 g6 17. Nf4 Ba3 18. Bc1 Be7 19. h4 Nd5 20. Qg3 Nxf4 21. Qxf4 O-O
22. Bf3 Qa5 23. Bd2 Qa6 24. Rfe1 Qc4 25. Re3 Rfd8 26. Be4 Bxe4 27. Qxe4 Rd7 28.
Rf3 Rad8 29. Qf4 Bf8 30. Be1 b5 31. Kg2 Ba3 32. Qe4 c5 33. Rd1 cxd4 34. cxd4
Bf8 35. Rfd3 Qxa2 36. Ba5 Rc8 37. d5 Rxd5 38. Rxd5 exd5 39. Rxd5 Rc4 40. Qf3
Rg4+ 41. Kh3 Qc4 0-1